00971cam a22003373a 450000100090000000300040000900500170001300800410003001000170007102000180008803500230010604000330012904200140016205000250017610000170020124500390021826000390025730000210029649000170031750000260033450000300036052100070039052600080039765000240040565000300042965000180045965500300047765500270050771000620053480000370059613293610OSt20140312142510.0960913s1996 nyu j 000 1 eng d a 2003586088 a9780439669870 a(OCoLC)ocm35552876 aYOLcYOLdIHIdSLCdOCLdDLC alccopycat aPZ 7b.St859G37 19951 aStine, R. L.10aThe headless ghost /cR. L. Stine. aNew York :bScholastic Inc.,c1995 a113 p. ;c20 cm.1 aGoosebumps ; a"An Apple paperback." a"A Parachute Press book."0 aG6 c440 0aHalloweenvFiction. 0aJack-o-lanternsvFiction. 0aHorror tales. 7aChildren's stories.2lcsh 7aHorror fiction.2gsafd2 aCopyright Paperback Collection (Library of Congress)5DLC1 aStine, R. L.tGoosebumps ;v#48.